Statistics for Guess The Lyrics #25

Click here to take the quiz!

General Stats

  • This quiz has been taken 492 times
  • The average score is 95 of 204

Answer Stats

% Correct
I
99%
a
97%
the
94%
to
84%
To
84%
me
83%
we
82%
We
82%
and
81%
And
81%
in
81%
In
81%
on
79%
be
78%
love,
78%
love
78%
my
74%
no
74%
No,
74%
so
73%
Where
68%
are
67%
For
67%
for
67%
That
65%
of
64%
will,
63%
If
61%
if
61%
this
61%
I'm
59%
its
58%
it's
58%
way,
57%
can't
56%
we're
56%
were
56%
one
55%
there's
55%
every
46%
I'll
46%
like
46%
day,
44%
life
42%
life,
42%
was
42%
with
41%
With
41%
has
40%
How
40%
did
39%
get
37%
night
37%
won't
37%
kind
34%
come
32%
gone
24%
something
22%
waiting
21%
left
20%
around
17%
dream
17%
through
17%
open
15%
lost
14%
arms
13%
broken
13%
soul
13%
believe
12%
fire
12%
Monday
12%
Tuesday
12%
coming
11%
stars
11%
Thursday
11%
Wednesday
11%
beautiful
10%
Friday
10%
hoping
10%
Saturday
10%
Sunday
10%
empty
9%
burning
8%
church
8%
defeated
8%
Guess
8%
magical
8%
tear
8%
obstacle
7%
Thank
7%
blind
6%
unstoppable
6%
wild
6%
miracle
5%
bones
4%
cynical
4%
dreamer
4%
irreplaceable
4%
vulnerable
4%
tyrant
3%

Score Distribution

Percentile by Number Answered

Percent of People with Each Score

Your Score History

You have not taken this quiz